[Event "BIH-chT1 30th"]
[Site "Gorazde"]
[Date "2023.08.27"]
[Round "3.1"]
[White "Popovic, Zoran"]
[Black "Lazic, Miroljub"]
[Result "0-1"]
[WhiteElo "2232"]
[BlackElo "2320"]
[PlyCount "76"]
[EventDate "2023.08.26"]
[EventType "team-tourn"]
[EventRounds "9"]
[EventCountry "BIH"]
[SourceTitle "EXT 2024"]
[Source "ChessBase"]
[SourceDate "2023.10.10"]
[SourceVersion "1"]
[SourceVersionDate "2023.10.10"]
[SourceQuality "1"]

1. d4 d5 2. c4 dxc4 3. Nf3 Nf6 4. e3 Bg4 5. Bxc4 e6 6. 0-0 a6 7. a3 Nc6 8. Be2 Bd6 9. Nc3 0-0 10. h3 Bh5 11. b4 Bg6 12. Bd3 Bxd3 13. Qxd3 a5 14. b5 Ne7 15. Rd1 Ng6 16. e4 e5 17. d5 Nd7 18. Ne2 Nh4 19. Ng3 Nc5 20. Qc3 Nxf3+ 21. Qxf3 a4 22. Nf5 Kh8 23. Qg4 g6 24. Bh6 Rg8 25. Ne3 b6 26. h4 f5 27. exf5 gxf5 28. Qh3 f4 29. Nc4 Qf6 30. Bg5 Qg6 31. Qc3 Qg7 32. Re1 Rae8 33. g3 h6 34. gxf4 hxg5 35. fxg5 e4 36. Qxg7+ Kxg7 37. Nxd6 cxd6 38. Kg2 Kg6 0-1

[Event "BIH-chT1 30th"]
[Site "Gorazde"]
[Date "2023.08.26"]
[Round "1.1"]
[White "Popovic, Zoran"]
[Black "Ivanisevic, Ivan"]
[Result "0-1"]
[WhiteElo "2232"]
[BlackElo "2530"]
[PlyCount "70"]
[EventDate "2023.08.26"]
[EventType "team-tourn"]
[EventRounds "9"]
[EventCountry "BIH"]
[SourceTitle "EXT 2024"]
[Source "ChessBase"]
[SourceDate "2023.10.10"]
[SourceVersion "1"]
[SourceVersionDate "2023.10.10"]
[SourceQuality "1"]

1. d4 Nf6 2. c4 d6 3. Nc3 e5 4. e4 exd4 5. Qxd4 Nc6 6. Qd2 Be6 7. Bd3 g6 8. b3 Bg7 9. Bb2 0-0 10. Nge2 Ng4 11. 0-0 Qh4 12. h3 Nge5 13. f4 Nxd3 14. Qxd3 f5 15. Qd2 Rae8 16. Nd5 Bxb2 17. Qxb2 Rf7 18. exf5 Bxd5 19. cxd5 Ne7 20. fxg6 hxg6 21. Qd2 Nf5 22. Rf3 Rfe7 23. Nc3 c5 24. dxc6 bxc6 25. Qf2 Qf6 26. Rd1 d5 27. Rd2 Re1+ 28. Kh2 Ne3 29. Qxe1 Ng4+ 30. hxg4 Rxe1 31. g5 Qe6 32. Nd1 Re2 33. Rd4 Qe7 34. Rfd3 Qa3 35. Kh3 Qc1 0-1

[Event "Sarajevo Bosna op 51st"]
[Site "Sarajevo"]
[Date "2022.12.06"]
[Round "6"]
[White "Popovic, Zoran"]
[Black "Musovic, Armin"]
[Result "0-1"]
[WhiteElo "2265"]
[BlackElo "2237"]
[PlyCount "53"]
[EventDate "2022.12.02"]
[EventType "swiss"]
[EventRounds "7"]
[EventCountry "BIH"]
[SourceTitle "CBM 211 Extra"]
[Source "ChessBase"]
[SourceDate "2023.01.31"]
[SourceVersion "1"]
[SourceVersionDate "2023.01.31"]
[SourceQuality "1"]

1. d4 d5 2. c4 c5 3. cxd5 Nf6 4. Nf3 cxd4 5. Qxd4 Qxd5 6. Nc3 Qxd4 7. Nxd4 a6 8. e4 e5 9. Nf3 Nc6 10. a3 Be6 11. Be3 0-0-0 12. Bb6 Rd6 13. Rc1 Kb8 14. Be2 Nd7 15. Be3 Nd4 16. 0-0 Nxe2+ 17. Nxe2 f6 18. Rc3 Nb6 19. Nd2 Be7 20. Rc2 Rhd8 21. f4 Na4 22. f5 Rd3 23. Kf2 Bb3 24. Nxb3 Rxb3 25. Rb1 Bxa3 26. Ra1 Nxb2 27. Nc3 0-1

[Event "BIH-chT 19th"]
[Site "Neum"]
[Date "2021.09.20"]
[Round "5.4"]
[White "Nikolic, Predrag"]
[Black "Popovic, Zoran"]
[Result "1-0"]
[WhiteElo "2558"]
[BlackElo "2290"]
[PlyCount "59"]
[EventDate "2021.09.17"]
[EventType "team-tourn"]
[EventRounds "9"]
[EventCountry "BIH"]
[SourceTitle "EXT 2023"]
[Source "ChessBase"]
[SourceDate "2022.10.05"]
[SourceVersion "1"]
[SourceVersionDate "2022.10.05"]
[SourceQuality "1"]
[WhiteTeam "Sarajevo Bosna"]
[BlackTeam "Busovaca Hrasno"]
[WhiteTeamCountry "BIH"]
[BlackTeamCountry "BIH"]

1. d4 Nf6 2. c4 g6 3. Nf3 Bg7 4. g3 d6 5. Bg2 0-0 6. 0-0 Nc6 7. Nc3 a6 8. Bf4 Bf5 9. Rc1 h6 10. d5 Na5 11. b3 c5 12. Ne1 Bd7 13. e4 b5 14. cxb5 Bxb5 15. Nxb5 axb5 16. Nd3 Nd7 17. Re1 c4 18. Nb4 Nc5 19. bxc4 bxc4 20. Bf1 Rb8 21. Nc6 Nxc6 22. dxc6 g5 23. Be3 c3 24. Bxc5 dxc5 25. Qxd8 Rbxd8 26. e5 Rd5 27. Ba6 Rxe5 28. c7 Rxe1+ 29. Rxe1 c2 30. Rc1 1-0

[Event "BIH-chT 18th"]
[Site "Tuzla"]
[Date "2019.06.14"]
[Round "7.5"]
[White "Popovic, Zoran"]
[Black "Bogut, Zeljko"]
[Result "1/2-1/2"]
[WhiteElo "2279"]
[BlackElo "2403"]
[PlyCount "114"]
[EventDate "2019.06.08"]
[EventType "team-tourn"]
[EventRounds "9"]
[EventCountry "BIH"]
[SourceTitle "CBM 190 Extra"]
[Source "ChessBase"]
[SourceDate "2019.07.15"]
[SourceVersion "1"]
[SourceVersionDate "2019.07.15"]
[SourceQuality "1"]
[WhiteTeam "Samac"]
[BlackTeam "Siroki Brijeg"]
[WhiteTeamCountry "BIH"]
[BlackTeamCountry "BIH"]

1. d4 Nf6 2. c4 c5 3. d5 e6 4. Nc3 exd5 5. cxd5 d6 6. Bf4 a6 7. a4 Nh5 8. Bd2 g6 9. h3 Bg7 10. Nf3 0-0 11. e4 Re8 12. Be2 Bxc3 13. Bxc3 Rxe4 14. 0-0 Nf4 15. Bd3 Re8 16. Qd2 Nxd3 17. Qxd3 f6 18. Nd2 Nd7 19. Qg3 Ne5 20. Rfe1 Bf5 21. f4 Nd3 22. Rxe8+ Qxe8 23. Nc4 Qe4 24. Nxd6 Qxd5 25. Nxf5 Qxf5 26. Qf3 Nxf4 27. g4 Qg5 28. h4 Qh6 29. Bxf6 Rf8 30. Qb3+ Rf7 31. Re1 Qf8 32. Re4 Nd3 33. g5 Nb4 34. Re7 Nc6 35. Rxb7 Na5 36. Qxf7+ Qxf7 37. Rxf7 Kxf7 38. Kf2 Ke6 39. Ke3 Kd5 40. Kd3 Nc4 41. b3 Nd6 42. Bc3 Nf5 43. Be1 Nd4 44. Kc3 Ne2+ 45. Kd2 Nd4 46. Kc3 Nf5 47. Kd3 Nd6 48. Bf2 c4+ 49. bxc4+ Nxc4 50. Kc3 Ne5 51. Bg3 Nc6 52. Bf2 Ne5 53. Bg3 Nc6 54. Bf2 Ne7 55. Kb4 Nc6+ 56. Kc3 Ne5 57. Bg3 Nc6 1/2-1/2

[Event "BIH-chT 18th"]
[Site "Tuzla"]
[Date "2019.06.12"]
[Round "5.5"]
[White "Kozul, Zdenko"]
[Black "Popovic, Zoran"]
[Result "1-0"]
[WhiteElo "2575"]
[BlackElo "2279"]
[PlyCount "85"]
[EventDate "2019.06.08"]
[EventType "team-tourn"]
[EventRounds "9"]
[EventCountry "BIH"]
[SourceTitle "CBM 190 Extra"]
[Source "ChessBase"]
[SourceDate "2019.07.15"]
[SourceVersion "1"]
[SourceVersionDate "2019.07.15"]
[SourceQuality "1"]
[WhiteTeam "Sarajevo Bosna"]
[BlackTeam "Samac"]
[WhiteTeamCountry "BIH"]
[BlackTeamCountry "BIH"]

1. d4 Nf6 2. c4 g6 3. Nc3 Bg7 4. e4 d6 5. h3 0-0 6. Be3 Nbd7 7. Nf3 e5 8. d5 Nc5 9. Nd2 a5 10. g4 c6 11. Be2 Ne8 12. g5 f5 13. h4 Nxe4 14. Ndxe4 fxe4 15. h5 Rf7 16. hxg6 hxg6 17. Nxe4 Bf5 18. Ng3 c5 19. Nxf5 gxf5 20. Bh5 f4 21. Bxf7+ Kxf7 22. Qh5+ Kf8 23. Bd2 b5 24. cxb5 Nc7 25. Qg6 Nxb5 26. Bc3 a4 27. Rh7 Ra7 28. 0-0-0 Qe8 29. Qe4 a3 30. Rdh1 Kg8 31. R7h3 Qf7 32. b3 Nc7 33. Rd1 Nb5 34. Ba1 Qd7 35. Rdh1 Qf7 36. Qh7+ Kf8 37. Qd3 Nc7 38. Rh8+ Ke7 39. R1h7 Ne8 40. Bc3 Rd7 41. f3 Rb7 42. g6 Qf6 43. Be1 1-0

[Event "BIH-chT 18th"]
[Site "Tuzla"]
[Date "2019.06.11"]
[Round "4.2"]
[White "Popovic, Zoran"]
[Black "Kadric, Denis"]
[Result "0-1"]
[WhiteElo "2279"]
[BlackElo "2550"]
[PlyCount "60"]
[EventDate "2019.06.08"]
[EventType "team-tourn"]
[EventRounds "9"]
[EventCountry "BIH"]
[SourceTitle "CBM 190 Extra"]
[Source "ChessBase"]
[SourceDate "2019.07.15"]
[SourceVersion "1"]
[SourceVersionDate "2019.07.15"]
[SourceQuality "1"]
[WhiteTeam "Samac"]
[BlackTeam "Tuzla Sloboda"]
[WhiteTeamCountry "BIH"]
[BlackTeamCountry "BIH"]

1. d4 d6 2. c4 g6 3. Nc3 Nd7 4. e4 e5 5. Nf3 Bg7 6. Be2 Ngf6 7. 0-0 0-0 8. Re1 exd4 9. Nxd4 Re8 10. f3 c6 11. Nc2 Ne5 12. Bg5 Qa5 13. Qd2 Nxc4 14. Bxc4 Qc5+ 15. Be3 Qxc4 16. Qxd6 Nh5 17. Rad1 Be6 18. Na3 Qa6 19. e5 Qa5 20. f4 Rad8 21. Qc5 Qxc5 22. Bxc5 Rxd1 23. Rxd1 Nxf4 24. Bd6 Nd5 25. Nab1 Ne3 26. Re1 Nc4 27. b3 Nxd6 28. exd6 Rd8 29. Ne4 Bf5 30. Nc5 Bd4+ 0-1

[Event "BIH-chT 18th"]
[Site "Tuzla"]
[Date "2019.06.09"]
[Round "2.3"]
[White "Popovic, Zoran"]
[Black "Tadic, Branko"]
[Result "1-0"]
[WhiteElo "2279"]
[BlackElo "2483"]
[PlyCount "107"]
[EventDate "2019.06.08"]
[EventType "team-tourn"]
[EventRounds "9"]
[EventCountry "BIH"]
[SourceTitle "CBM 190 Extra"]
[Source "ChessBase"]
[SourceDate "2019.07.15"]
[SourceVersion "1"]
[SourceVersionDate "2019.07.15"]
[SourceQuality "1"]
[WhiteTeam "Samac"]
[BlackTeam "Zenica Napredak"]
[WhiteTeamCountry "BIH"]
[BlackTeamCountry "BIH"]

1. d4 e6 2. c4 b6 3. Nc3 Bb7 4. Qc2 f5 5. Nf3 Nf6 6. g3 Nc6 7. Rg1 Ne4 8. a3 Na5 9. Nxe4 Bxe4 10. Qc3 c5 11. dxc5 bxc5 12. Bd2 Nb7 13. Bg5 Qb6 14. Nd2 Bc6 15. Bg2 Bxg2 16. Rxg2 Na5 17. g4 fxg4 18. Rxg4 Nc6 19. e3 Rb8 20. Rb1 Qa5 21. Qxa5 Nxa5 22. Bf4 Rb7 23. Be5 d5 24. cxd5 exd5 25. Bc3 Nc6 26. Nf3 Re7 27. Kf1 Rf7 28. Ng5 Rf5 29. Ne6 Rg8 30. Rd1 g6 31. Nc7+ Kf7 32. Rxd5 Rxd5 33. Nxd5 Bd6 34. h3 Rb8 35. Ra4 a5 36. Nf6 h5 37. Ne4 Be7 38. Ke2 Ke6 39. f4 Rf8 40. Rc4 Kd5 41. Nd2 Rg8 42. e4+ Ke6 43. Nf3 Rf8 44. Ke3 Rd8 45. Nd2 Rb8 46. Ra4 Bd6 47. e5 Bc7 48. Ke4 Rb7 49. Rc4 Ne7 50. Rxc5 Bd8 51. Nf3 Nf5 52. Nd4+ Nxd4 53. Bxd4 Kf7 54. Rd5 1-0

[Event "BIH-chT 17th"]
[Site "Jahorina"]
[Date "2018.06.08"]
[Round "7.5"]
[White "Sinanovic, Muhamed"]
[Black "Popovic, Zoran"]
[Result "1/2-1/2"]
[WhiteElo "2353"]
[BlackElo "2285"]
[PlyCount "94"]
[EventDate "2018.06.02"]
[EventType "team-tourn"]
[EventRounds "9"]
[EventCountry "BIH"]
[SourceTitle "CBM 184 Extra"]
[Source "ChessBase"]
[SourceDate "2018.06.28"]
[SourceVersion "1"]
[SourceVersionDate "2018.06.28"]
[SourceQuality "1"]
[WhiteTeam "Tuzla Sloboda"]
[BlackTeam "Samac"]
[WhiteTeamCountry "BIH"]
[BlackTeamCountry "BIH"]

1. g3 c5 2. c4 Nc6 3. Bg2 Nf6 4. Nc3 g6 5. Nf3 d6 6. d4 cxd4 7. Nxd4 Bd7 8. Nc2 Bg7 9. 0-0 0-0 10. b3 Qa5 11. Bd2 Rfc8 12. h3 Rab8 13. e4 a6 14. a4 Qd8 15. Kh2 Ne8 16. Rc1 Nc7 17. Na3 Ne5 18. Qe2 Ne6 19. Be3 Nc6 20. Qd1 Ned4 21. b4 e5 22. Nd5 Be6 23. Bd2 a5 24. bxa5 Bxd5 25. cxd5 Nxa5 26. Rb1 Nc4 27. Nxc4 Rxc4 28. Re1 Qc7 29. Bf1 Rc2 30. Kg2 Ra2 31. Bd3 Qd7 32. Bb5 Nxb5 33. axb5 Rc8 34. Rc1 Rxc1 35. Qxc1 f5 36. b6 fxe4 37. Qc7 Qb5 38. Be3 Qxd5 39. Qd8+ Bf8 40. Rc1 Qf7 41. Kg1 Qe7 42. Qc7 h5 43. Kf1 Rb2 44. h4 Ra2 45. Kg1 Rb2 46. Kh1 Ra2 47. Kg1 Rb2 1/2-1/2

[Event "BIH-chT 17th"]
[Site "Jahorina"]
[Date "2018.06.05"]
[Round "4.3"]
[White "Popovic, Zoran"]
[Black "Nikolic, Predrag"]
[Result "0-1"]
[WhiteElo "2285"]
[BlackElo "2582"]
[PlyCount "90"]
[EventDate "2018.06.02"]
[EventType "team-tourn"]
[EventRounds "9"]
[EventCountry "BIH"]
[SourceTitle "CBM 184 Extra"]
[Source "ChessBase"]
[SourceDate "2018.06.28"]
[SourceVersion "1"]
[SourceVersionDate "2018.06.28"]
[SourceQuality "1"]
[WhiteTeam "Samac"]
[BlackTeam "Sarajevo Bosna"]
[WhiteTeamCountry "BIH"]
[BlackTeamCountry "BIH"]

1. d4 d5 2. c4 dxc4 3. Nf3 Nf6 4. e3 Bg4 5. Bxc4 e6 6. 0-0 a6 7. Be2 Nc6 8. Nbd2 Be7 9. a3 0-0 10. b4 a5 11. b5 Na7 12. Ne5 Bxe2 13. Qxe2 Nd5 14. Bb2 a4 15. Rfc1 f6 16. Nef3 Qd7 17. e4 Nb6 18. d5 e5 19. Nh4 Rf7 20. Nf5 Bf8 21. Rab1 g6 22. Ne3 Qxb5 23. Qd1 Qe8 24. Qf1 Nb5 25. Qd3 c6 26. Nec4 Nd7 27. dxc6 bxc6 28. Qg3 Nc5 29. Bc3 Rd8 30. Bb4 Nd3 31. Rd1 Bxb4 32. axb4 Nc3 33. Qe3 Nxd1 34. Rxd1 Nxb4 35. Qc5 Qf8 36. Qb6 Rfd7 37. Rb1 Rxd2 38. Nxd2 Rxd2 39. f4 a3 40. fxe5 fxe5 41. Rf1 Qe7 42. Qe3 Rd3 43. Qc1 a2 44. Qc4+ Kg7 45. h4 Rd4 0-1

[Event "BIH-chT 16th"]
[Site "Sarajevo"]
[Date "2017.08.26"]
[Round "3.5"]
[White "Popovic, Zoran"]
[Black "Drazic, Sinisa"]
[Result "0-1"]
[WhiteElo "2289"]
[BlackElo "2427"]
[PlyCount "80"]
[EventDate "2017.08.24"]
[EventType "team-tourn"]
[EventRounds "9"]
[EventCountry "BIH"]
[SourceTitle "CBM 180 Extra"]
[Source "ChessBase"]
[SourceDate "2017.10.06"]
[SourceVersion "1"]
[SourceVersionDate "2017.10.06"]
[SourceQuality "1"]
[WhiteTeam "Samac"]
[BlackTeam "Pazaric Bjelasnica"]
[WhiteTeamCountry "BIH"]
[BlackTeamCountry "BIH"]

1. d4 Nf6 2. c4 d6 3. Nc3 e5 4. Nf3 Nbd7 5. e4 Be7 6. Be2 c6 7. 0-0 0-0 8. Re1 Qc7 9. Bf1 Re8 10. Rb1 a5 11. h3 Nf8 12. Be3 Ng6 13. Qb3 exd4 14. Nxd4 Bf8 15. Qc2 a4 16. Bd2 Qb6 17. Nf3 Qa7 18. b4 axb3 19. axb3 Ne5 20. Be2 Nxf3+ 21. Bxf3 Be6 22. Be3 Qa5 23. b4 Qc7 24. Ne2 h6 25. Nd4 Bd7 26. b5 Ra3 27. Ra1 Rea8 28. Rxa3 Rxa3 29. Qb2 Ra8 30. Bf4 Qb6 31. Qd2 Ra4 32. Nc2 Ra2 33. Rc1 Be6 34. Bxd6 Bxd6 35. Qxd6 Bxc4 36. Ne3 Be6 37. e5 Nd5 38. Bxd5 Bxd5 39. Qc5 Qxc5 40. Rxc5 Be6 0-1

[Event "BIH-chT 16th"]
[Site "Sarajevo"]
[Date "2017.08.24"]
[Round "1.5"]
[White "Matovic, Mihajlo Z"]
[Black "Popovic, Zoran"]
[Result "0-1"]
[WhiteElo "2248"]
[BlackElo "2289"]
[PlyCount "47"]
[EventDate "2017.08.24"]
[EventType "team-tourn"]
[EventRounds "9"]
[EventCountry "BIH"]
[SourceTitle "CBM 180 Extra"]
[Source "ChessBase"]
[SourceDate "2017.10.06"]
[SourceVersion "1"]
[SourceVersionDate "2017.10.06"]
[SourceQuality "1"]
[WhiteTeam "Zenica Celik"]
[BlackTeam "Samac"]
[WhiteTeamCountry "BIH"]
[BlackTeamCountry "BIH"]

1. d4 Nf6 2. c4 g6 3. Nc3 Bg7 4. e4 d6 5. h3 0-0 6. Be3 c6 7. Nf3 Nbd7 8. Be2 e5 9. d5 Qe7 10. Nd2 Ne8 11. g4 a6 12. Qc2 Nc7 13. Nb3 a5 14. Rd1 c5 15. Nd2 Nb6 16. Nf1 f5 17. Bxc5 dxc5 18. d6 Qh4 19. dxc7 fxg4 20. Ng3 gxh3 21. Nd5 Ra6 22. Qb3 Nxd5 23. Rxd5 Rc6 24. Qb5 0-1

[Event "MNT-chT1"]
[Site "Mojkovac"]
[Date "2016.09.10"]
[Round "2.6"]
[White "Popovic, Zoran"]
[Black "Tosic, Danilo"]
[Result "0-1"]
[WhiteElo "2163"]
[BlackElo "1882"]
[PlyCount "67"]
[EventDate "2016.09.09"]
[EventType "team-tourn"]
[EventRounds "9"]
[EventCountry "MNE"]
[SourceTitle "EXT 2017"]
[Source "ChessBase"]
[SourceDate "2016.10.25"]
[SourceVersion "1"]
[SourceVersionDate "2016.10.25"]
[SourceQuality "1"]

1. d4 Nf6 2. c4 g6 3. Nc3 Bg7 4. Nf3 0-0 5. g3 d5 6. Bg2 dxc4 7. 0-0 c6 8. Ne5 Be6 9. e3 Nbd7 10. Qe2 Nxe5 11. dxe5 Nd5 12. f4 Nxc3 13. bxc3 f6 14. Rd1 Qc7 15. exf6 Bxf6 16. Bb2 Rad8 17. g4 Rxd1+ 18. Rxd1 Rd8 19. Rxd8+ Qxd8 20. g5 Bg7 21. e4 Qd3 22. Bf1 Qxe2 23. Bxe2 b5 24. a3 a5 25. Kf2 c5 26. Ke3 Kf8 27. h4 Ke8 28. h5 Kd7 29. Bd1 b4 30. Bc2 bxc3 31. Bc1 Bg4 32. f5 Bd4+ 33. Kf4 Bxh5 34. e5 0-1

[Event "BIH-chT 15th"]
[Site "Bihac"]
[Date "2016.07.24"]
[Round "9.1"]
[White "Drasko, Milan"]
[Black "Popovic, Zoran"]
[Result "1-0"]
[WhiteElo "2457"]
[BlackElo "2328"]
[PlyCount "60"]
[EventDate "2016.07.16"]
[EventType "team-tourn"]
[EventRounds "9"]
[EventCountry "BIH"]
[SourceTitle "CBM 173 Extra"]
[Source "ChessBase"]
[SourceDate "2016.08.29"]
[SourceVersion "1"]
[SourceVersionDate "2016.08.29"]
[SourceQuality "1"]
[WhiteTeam "Sarajevo Bosna"]
[BlackTeam "Samac"]
[WhiteTeamCountry "BIH"]
[BlackTeamCountry "BIH"]

1. Nf3 Nf6 2. g3 g6 3. Bg2 Bg7 4. 0-0 0-0 5. d4 d6 6. c4 Nc6 7. Nc3 a6 8. Bd2 e5 9. d5 Ne7 10. e4 c6 11. dxc6 bxc6 12. c5 Bg4 13. cxd6 Qxd6 14. Be3 Qc7 15. Qc2 Nd7 16. Ng5 Nb6 17. h3 Bd7 18. Rfd1 Nc4 19. Bc5 Bf6 20. Nf3 Be6 21. Na4 Qb8 22. Bf1 Na5 23. Nb6 Ra7 24. b4 Nb7 25. Nd7 Bxd7 26. Bxa7 Qc8 27. Kh2 g5 28. Qd2 Bxh3 29. Bxh3 g4 30. Qd7 gxf3 1-0

[Event "BIH-chT 15th"]
[Site "Bihac"]
[Date "2016.07.17"]
[Round "2.2"]
[White "Popovic, Zoran"]
[Black "Mrndjic, Muamer"]
[Result "1-0"]
[WhiteElo "2328"]
[BlackElo "2234"]
[PlyCount "137"]
[EventDate "2016.07.16"]
[EventType "team-tourn"]
[EventRounds "9"]
[EventCountry "BIH"]
[SourceTitle "CBM 173 Extra"]
[Source "ChessBase"]
[SourceDate "2016.08.29"]
[SourceVersion "1"]
[SourceVersionDate "2016.08.29"]
[SourceQuality "1"]
[WhiteTeam "Samac"]
[BlackTeam "Konjic"]
[WhiteTeamCountry "BIH"]
[BlackTeamCountry "BIH"]

1. d4 Nf6 2. c4 c5 3. d5 e6 4. Nc3 exd5 5. cxd5 d6 6. e4 g6 7. h3 Bg7 8. Nf3 0-0 9. Bd3 a6 10. a4 Nbd7 11. 0-0 Nh5 12. Re1 Re8 13. Bg5 Bf6 14. Bh6 Ne5 15. Be2 Ng7 16. Qd2 Rb8 17. Nh2 Nd7 18. f4 Bd4+ 19. Kh1 Nf6 20. Bd3 Nfh5 21. Nf3 f5 22. e5 dxe5 23. fxe5 f4 24. Bg5 Qa5 25. e6 Be3 26. Qc2 Nf5 27. Bxf5 Ng3+ 28. Kh2 Nxf5 29. Ne4 Rxe6 30. dxe6 Bxe6 31. Qc3 Qxc3 32. bxc3 h6 33. Bf6 Bb3 34. Ned2 Bd5 35. Nf1 Re8 36. Rad1 Bc6 37. Nxe3 Nxe3 38. Rd8 Rxd8 39. Bxd8 Bxa4 40. Bb6 Nd5 41. Bxc5 Nxc3 42. Re7 Bc6 43. Bd4 Nb5 44. Bb2 g5 45. Nd4 Nxd4 46. Bxd4 a5 47. Bc3 a4 48. Bb4 Bd5 49. Kg1 b5 50. Kf2 Bf7 51. Rb7 Bc4 52. Rc7 Bf7 53. Rc5 Bc4 54. h4 gxh4 55. Rh5 Kg7 56. Rxh4 Kg6 57. Rxf4 h5 58. g3 Bd5 59. Ke3 Bc6 60. Kd4 Bd7 61. Ke5 Bc8 62. Be7 Bd7 63. Rf6+ Kg7 64. Rb6 Be8 65. Kf5 Bd7+ 66. Kg5 Kf7 67. Bb4 Bg4 68. Rxb5 Bd1 69. Kf5 1-0

[Event "BIH-chT 14th"]
[Site "Prijedor"]
[Date "2015.09.13"]
[Round "9.5"]
[White "Popovic, Zoran"]
[Black "Vajic, Goran"]
[Result "1-0"]
[WhiteElo "2321"]
[BlackElo "2317"]
[PlyCount "103"]
[EventDate "2015.09.05"]
[EventType "team-tourn"]
[EventRounds "9"]
[EventCountry "BIH"]
[SourceTitle "EXT 2016"]
[Source "ChessBase"]
[SourceDate "2015.10.08"]
[SourceVersion "1"]
[SourceVersionDate "2015.10.08"]
[SourceQuality "1"]
[WhiteTeam "Samac"]
[BlackTeam "Bihac"]
[WhiteTeamCountry "BIH"]
[BlackTeamCountry "BIH"]

1. d4 Nf6 2. c4 g6 3. Nc3 Bg7 4. e4 d6 5. Nf3 0-0 6. Be2 e5 7. 0-0 Nc6 8. d5 Ne7 9. Ne1 Nd7 10. Nd3 f5 11. Bd2 Nf6 12. f3 f4 13. c5 g5 14. cxd6 cxd6 15. Nf2 Rf7 16. Qc2 Ng6 17. Rfc1 a6 18. a4 h5 19. h3 Bf8 20. a5 g4 21. fxg4 hxg4 22. hxg4 Rh7 23. Qd1 Be7 24. Na4 Nd7 25. Ra3 Bh4 26. Nh3 Rb8 27. Rac3 Ne7 28. g5 b5 29. Rc6 Nxc6 30. dxc6 Nf8 31. Nb6 Rxb6 32. axb6 Qxb6+ 33. Kh1 Bxh3 34. gxh3 Bf2 35. Bg4 Bc5 36. b4 Qxc6 37. Qc2 a5 38. bxc5 dxc5 39. Bf5 Rc7 40. Bxa5 Ra7 41. Bb4 c4 42. Rd1 Ne6 43. Rd6 Nd4 44. Rxc6 Nxc2 45. Rc8+ Kf7 46. Bd6 Ne3 47. Bxe5 f3 48. g6+ Ke7 49. g7 Ra1+ 50. Bxa1 f2 51. Re8+ Kd6 52. Rd8+ 1-0

[Event "BIH-chT 14th"]
[Site "Prijedor"]
[Date "2015.09.09"]
[Round "5.4"]
[White "Savanovic, Aleksandar"]
[Black "Popovic, Zoran"]
[Result "1-0"]
[WhiteElo "2435"]
[BlackElo "2321"]
[PlyCount "161"]
[EventDate "2015.09.05"]
[EventType "team-tourn"]
[EventRounds "9"]
[EventCountry "BIH"]
[SourceTitle "EXT 2016"]
[Source "ChessBase"]
[SourceDate "2015.10.08"]
[SourceVersion "1"]
[SourceVersionDate "2015.10.08"]
[SourceQuality "1"]
[WhiteTeam "Sarajevo Napredak"]
[BlackTeam "Samac"]
[WhiteTeamCountry "BIH"]
[BlackTeamCountry "BIH"]

1. Nf3 d5 2. c4 c6 3. b3 Bf5 4. g3 Nf6 5. Bg2 e6 6. Bb2 Nbd7 7. 0-0 Bd6 8. d3 0-0 9. Nbd2 Qc7 10. Rc1 Bg6 11. cxd5 exd5 12. Nd4 Qb6 13. Bh3 Rfe8 14. N2f3 Bc5 15. Nf5 Bxf5 16. Bxf5 Re7 17. Rc2 Rae8 18. e3 Bd6 19. Kg2 Rd8 20. Qa1 Ne8 21. e4 g6 22. e5 gxf5 23. exd6 Nxd6 24. Qc1 Re6 25. Bd4 Qc7 26. a4 Rde8 27. Ng5 Rg6 28. Nh3 f6 29. Nf4 Rg7 30. Nxd5 Qd8 31. Nf4 Ne5 32. Qd1 b6 33. Bb2 c5 34. d4 cxd4 35. Qxd4 Rd7 36. Qd1 Qa8+ 37. Qd5+ Qxd5+ 38. Nxd5 Ne4 39. Nf4 Nc5 40. Re1 Nxb3 41. Nh5 Kf7 42. Nxf6 Kxf6 43. Rc6+ Kf7 44. Rxe5 Rxe5 45. Bxe5 Rd5 46. f4 Nc5 47. Rf6+ Ke7 48. Rxf5 Nd3 49. Rh5 Nxe5 50. fxe5 Ke6 51. Rxh7 Ra5 52. Rh6+ Kf5 53. Rh4 b5 54. e6 Kxe6 55. Rh6+ Kf5 56. axb5 Kg5 57. Ra6 Rxb5 58. h4+ Kh5 59. Rxa7 Rb2+ 60. Kh3 Rb3 61. Ra5+ Kh6 62. Re5 Rb4 63. Kg2 Rb3 64. Kf2 Ra3 65. Re3 Ra6 66. g4 Ra4 67. Re6+ Kg7 68. Kf3 Kh7 69. Kg3 Rb4 70. h5 Ra4 71. Kh4 Rb4 72. h6 Rb7 73. g5 Rb1 74. Re7+ Kg6 75. Rg7+ Kf5 76. Kg3 Rb3+ 77. Kf2 Rb2+ 78. Ke3 Rh2 79. h7 Rh3+ 80. Kd4 Rh1 81. g6 1-0

[Event "Sarajevo Bosna op 45th"]
[Site "Sarajevo"]
[Date "2015.06.02"]
[Round "6"]
[White "Kurajica, Bojan"]
[Black "Popovic, Zoran"]
[Result "1-0"]
[WhiteElo "2518"]
[BlackElo "2309"]
[PlyCount "157"]
[EventDate "2015.05.30"]
[EventType "swiss"]
[EventRounds "9"]
[EventCountry "BIH"]
[SourceTitle "CBM 166 Extra"]
[Source "ChessBase"]
[SourceDate "2015.06.18"]
[SourceVersion "1"]
[SourceVersionDate "2015.06.18"]
[SourceQuality "1"]

1. Nf3 Nf6 2. c4 g6 3. b4 Bg7 4. Bb2 0-0 5. e3 d6 6. d4 c6 7. Nbd2 a5 8. bxa5 Qxa5 9. Bd3 Na6 10. 0-0 Nd7 11. Qb3 Ndc5 12. dxc5 Nxc5 13. Bxg7 Nxb3 14. axb3 Kxg7 15. Rxa5 Rxa5 16. Bb1 c5 17. e4 f6 18. Bd3 Bd7 19. b4 Ra3 20. Bc2 b6 21. bxc5 bxc5 22. Rb1 Rfa8 23. Ne1 Ra1 24. Kf1 Rxb1 25. Bxb1 Be6 26. Ke2 Ra3 27. Nc2 Ra4 28. Ne3 Ra3 29. f4 Bd7 30. e5 f5 31. exd6 exd6 32. Bd3 Bc6 33. h3 h5 34. Bc2 Kf7 35. g4 fxg4 36. hxg4 hxg4 37. Nxg4 Rg3 38. Ne3 Rh3 39. Ne4 Rh2+ 40. Kd3 Ke7 41. Bd1 Bxe4+ 42. Kxe4 Rd2 43. Kf3 Kf6 44. Kg4 Rd4 45. Nd5+ Kf7 46. Be2 Kg7 47. Kf3 Rd2 48. Nc3 Rb2 49. Ne4 Rb6 50. Bd3 Kf7 51. Ke3 Ra6 52. Nc3 Rb6 53. Nb5 Kf6 54. Ke4 Ke6 55. Be2 Rb8 56. Bg4+ Ke7 57. Be2 Rf8 58. Bd3 Rf6 59. Nc7 Kd7 60. Nd5 Rf7 61. Kf3 Rg7 62. Kg4 Ke6 63. Kg5 Kf7 64. Nf6 Ke6 65. Bxg6 Ra7 66. Bf5+ Kf7 67. Be4 Ra1 68. Bd5+ Ke7 69. Ng4 Rg1 70. f5 Rg3 71. f6+ Kf8 72. Kf4 Rg1 73. Ne3 Re1 74. Be6 Re2 75. Kf3 Re1 76. Kf2 Rh1 77. Nf5 Rh3 78. Kg2 Rd3 79. Ne7 1-0